Identity V - Character Real Names - Statistics

General Stats
  • This quiz has been taken 210 times
    99 since last reset
  • The average score is 40 of 81
Answer Stats
Hint Answer % Correct
Doctor Emily Dyer
80%
Gardener Emma Woods
76%
"Prisoner" Luca Balsa
70%
Prospector Norton Campbell
70%
Patient Emil
68%
Acrobat Mike Morton
68%
Lawyer Freddy Riley
67%
The Ripper Jack
67%
Novelist "Orpheus"
67%
Embalmer Aesop Carl
65%
Painter Edgar Valden
65%
Geisha Michiko
65%
"Psychologist" Ada Mesmer
64%
Seer Eli Clark
64%
Mercenary Naib Subedar
64%
Barmaid Demi Bourbon
59%
Naiad Grace
59%
Thief Kreacher Pierson
59%
Entomologist Melly Plinius
59%
Perfumer Vera Nair
59%
Composer Frederick Kreiburg
58%
Weeping Clown Joker
58%
Wildling Murro
58%
Mechanic Tracy Reznik
58%
Soul Weaver Violetta
58%
Journalist Alice DeRoss
56%
Guard 26 Bonbon
56%
Smiley Face Joker
56%
Postman Victor Grantz
56%
"Disciple" Ann
55%
Priestess Fiona Gilman
55%
Batter Ganji Gupta
55%
Hell Ember Leo Beck
55%
"Little Girl" "Memory"
55%
"Nightmare" "Orpheus"
55%
Grave Keeper Andrew Kreiss
53%
The Mind's Eye Helena Adams
53%
Female Dancer Margaretha Zelle
53%
"Hullabaloo" Mike Morton
53%
Toy Merchant Anne Lester
52%
Violinist Antonio
52%
"Fool's Gold" Norton Campbell
52%
"Undead" Percy
52%
"Knight" Richard Sterling
52%
Magician Servais Le Roy
52%
Explorer Kurt Frank
50%
Antiquarian Qi Shiyi
50%
Lucky Guy Deduction Substitute
48%
Fire Investigator Florian Brand
48%
The Feaster Hastur
48%
Night Watch Ithaqua
48%
Cowboy Kevin Ayuso
48%
Dream Witch Yidhra
48%
"Faro Lady" Evelyn Mora
47%
Coordinator Martha Behamfil
47%
Enchantress Patricia Dorval
47%
Bloody Queen Mary Kreiburg
45%
Forward William Ellis
45%
Cheerleader Lily Barriere
44%
Puppeteer Matthias Czernin
44%
Hermit Alva Lorenz
41%
Aeroplanist Charles Holt
41%
Professor Luchino Diruse
41%
The Shadow (Main Body) "Ivy"
39%
First Officer Jose Baden
39%
Photographer Joseph Desaulniers
39%
Opera Singer Sangria
36%
Wu Chang (Black Guard) Fan Wujiu
35%
Sculptor Galatea Claude
35%
Evil Reptilian Luchino Diruse
35%
Wu Chang (White Guard) Xie Bi'an
35%
Gamekeeper Bane Perez
33%
Wax Artist Philippe
32%
Axe Boy Robbie White
32%
The Shadow ("Ghost") The Yithian
26%
Mad Eyes Burke Lapadura
23%
Clerk Keigan Nicholas Keogh
18%
"Goatman" Jeffrey Bonavita
15%
The Breaking Wheel (Middle) Pessimistic Will
14%
The Breaking Wheel (Bottom) Reticent Will
14%
The Breaking Wheel (Top) Ridicule Will
12%
No matching quizzes found
Score Distribution
Percent of People with Each Score
Percentile by Number Answered
Your Score History
You have not taken this quiz since the last reset